Statistics for Guess the Lyrics #37

Click here to take the quiz!

General Stats

  • This quiz has been taken 90 times
  • The average score is 73 of 162

Answer Stats

% Correct
I
100%
a
100%
a
100%
the
97%
the
97%
the
97%
the
97%
you
97%
you
97%
the
97%
the
97%
the
97%
you
97%
the
97%
the
97%
be
87%
on
87%
on
87%
we
84%
We
84%
me
82%
me
82%
to
81%
to
81%
to
81%
to
81%
and
81%
to
81%
to
81%
to
81%
and
81%
to
81%
to
81%
your
78%
your
78%
your
78%
do
76%
it?
75%
it
75%
no
75%
it
75%
it
75%
So
73%
So
73%
will
73%
for
73%
for
73%
When
70%
where
70%
that
67%
they
64%
they
64%
my
64%
my
64%
One
63%
why
61%
Of
61%
of
61%
of
61%
All
55%
ever
54%
had
54%
ever
54%
Say
52%
can't
51%
this
51%
It's
49%
life
49%
It's
49%
won't
46%
with
45%
down
43%
never
42%
never
42%
I'll
42%
never
42%
make
42%
never
42%
come
37%
you'll
37%
world
36%
world
36%
world
36%
Nothing
36%
world
36%
world
36%
world
36%
Nothing
36%
right
33%
find
31%
find
31%
back
30%
back
30%
Welcome
28%
need
27%
Help
27%
Help
27%
There's
27%
There's
27%
forever
25%
forever
25%
made
25%
Turn
24%
wants
22%
wants
22%
wants
22%
wants
22%
believe
22%
wants
22%
wants
22%
own
22%
best
22%
own
22%
behind
21%
light
21%
rule
18%
Everybody
18%
Everybody
18%
Everybody
18%
Everybody
18%
Everybody
18%
Even
18%
rule
18%
rule
18%
Everybody
18%
rule
18%
rule
18%
rule
18%
behaviour
16%
lasts
16%
hands
16%
turning
16%
most
16%
room
16%
lasts
16%
while
15%
while
15%
we've
15%
freedom
12%
pleasure
12%
tumbling
12%
pleasure
12%
Holding
12%
freedom
12%
decide
12%
Acting
12%
mother
12%
almost
12%
walls
12%
sad
10%
nature
10%
fade
10%
glad
10%
sleep
10%
remorse
9%
vision
9%
stand
9%
lack
9%
indecision
9%
Married
7%
headline
6%
design
6%

Score Distribution

Percentile by Number Answered

Percent of People with Each Score

Your Score History

You have not taken this quiz